[Event "Venice Autumn op 16th"]
[Site "Venice"]
[Date "2010.10.31"]
[Round "2.25"]
[White "Battagin, Mose"]
[Black "Campagnola, Giacomo"]
[Result "0-1"]
[WhiteElo "1924"]
[BlackElo "1852"]
[PlyCount "68"]
[EventDate "2010.10.30"]
[EventType "swiss"]
[EventRounds "5"]
[EventCountry "ITA"]
[SourceTitle "EXT 2011"]
[Source "ChessBase"]
[SourceDate "2010.11.26"]
[SourceVersion "1"]
[SourceVersionDate "2010.11.26"]
[SourceQuality "1"]

1. e4 c5 2. Nf3 d6 3. c3 e6 4. d4 cxd4 5. cxd4 Nf6 6. Nc3 Be7 7. Bd3 Nc6 8. 0-0 0-0 9. Qe2 a6 10. Rd1 b5 11. e5 dxe5 12. dxe5 Nd5 13. Qe4 g6 14. Bh6 Re8 15. Nxd5 exd5 16. Qf4 Qc7 17. Rac1 Bb7 18. Re1 Bf8 19. Bxf8 Rxf8 20. Qh6 f6 21. Nd4 fxe5 22. Ne6 Qf7 23. Nxf8 Rxf8 24. Rf1 e4 25. Be2 d4 26. a4 d3 27. Bd1 bxa4 28. Bxa4 Nd4 29. Kh1 Ne2 30. Rce1 Nf4 31. Re3 Qc4 32. Bd1 Qd4 33. Bb3+ Bd5 34. Bxd5+ Qxd5 0-1

[Event "Chioggia op-A 05th"]
[Site "Chioggia"]
[Date "2010.10.10"]
[Round "4"]
[White "Campagnola, Giacomo"]
[Black "Leskovar, Mario Leopoldo"]
[Result "0-1"]
[WhiteElo "1852"]
[BlackElo "2346"]
[PlyCount "130"]
[EventDate "2010.10.08"]
[EventType "swiss"]
[EventRounds "5"]
[EventCountry "ITA"]
[SourceTitle "EXT 2022"]
[Source "ChessBase"]
[SourceDate "2021.10.06"]
[SourceVersion "1"]
[SourceVersionDate "2021.10.06"]
[SourceQuality "1"]

1. e4 g6 2. Nf3 Bg7 3. d4 d6 4. g3 c5 5. Bg2 Nc6 6. dxc5 Qa5+ 7. c3 Qxc5 8. 0-0 Nf6 9. Be3 Qh5 10. Nd4 Ng4 11. h3 Nxe3 12. Qxh5 gxh5 13. fxe3 Be5 14. Rf3 Rg8 15. Kf2 Bd7 16. Nd2 e6 17. Nc4 Ke7 18. Rf1 Rg7 19. Nxc6+ Bxc6 20. Nxe5 dxe5 21. Ke1 Bxe4 22. R3f2 Bd3 23. Rh1 e4 24. g4 Rag8 25. Rf4 hxg4 26. Bxe4 Bxe4 27. Rxe4 gxh3 28. Rxh3 Rg1+ 29. Ke2 R8g2+ 30. Kd3 Rxb2 31. Rxh7 Rd1+ 32. Kc4 Rd5 33. a4 a6 34. Rd4 Ra5 35. Kd3 Rf2 36. Rb4 Rd5+ 37. Kc4 Rd7 38. Kb3 Rf3 39. e4 Rc7 40. Rc4 Rxc4 41. Kxc4 Kd6 42. Rh5 b6 43. Kd4 f6 44. Rh8 e5+ 45. Kc4 Re3 46. Rh4 Ke6 47. Kb3 Kd6 48. Rh6 Ke6 49. Rh4 Kf7 50. Rh7+ Kg6 51. Rb7 b5 52. axb5 axb5 53. Rxb5 Rxe4 54. c4 Re1 55. c5 Kf5 56. Kc4 Ke4 57. Rb2 Rc1+ 58. Kb5 f5 59. c6 f4 60. Re2+ Kf5 61. Kb6 f3 62. Rb2 Kf4 63. c7 e4 64. Rb5 f2 65. Rc5 Rxc5 0-1

[Event "Mogliano Veneto op-B 31st"]
[Site "Mogliano Veneto"]
[Date "2010.05.02"]
[Round "4"]
[White "Bortolussi, Francesco"]
[Black "Campagnola, Giacomo"]
[Result "1-0"]
[WhiteElo "1634"]
[BlackElo "1868"]
[PlyCount "53"]
[EventDate "2010.04.30"]
[EventType "swiss"]
[EventRounds "5"]
[EventCountry "ITA"]
[SourceTitle "EXT 2023"]
[Source "ChessBase"]
[SourceDate "2022.10.05"]
[SourceVersion "1"]
[SourceVersionDate "2022.10.05"]
[SourceQuality "1"]

1. e4 c5 2. Nc3 Nc6 3. f4 d6 4. Bc4 e6 5. Nf3 Nf6 6. d3 a6 7. a4 g6 8. 0-0 Bg7 9. Qe1 0-0 10. f5 exf5 11. Bg5 Ne7 12. Qh4 fxe4 13. dxe4 d5 14. Bxd5 Qb6 15. a5 Qxb2 16. Bxf6 Bxf6 17. Qxf6 Nxd5 18. Nxd5 Qxf6 19. Nxf6+ Kg7 20. Nd5 Bd7 21. Nb6 Rad8 22. Nxd7 Rxd7 23. Rfd1 Re7 24. e5 h6 25. Rd5 c4 26. Rad1 Rc8 27. Rd7 1-0

[Event "Mogliano Veneto op-B 31st"]
[Site "Mogliano Veneto"]
[Date "2010.05.01"]
[Round "3"]
[White "Campagnola, Giacomo"]
[Black "Franco, Alessandro P"]
[Result "1/2-1/2"]
[WhiteElo "1868"]
[BlackElo "1823"]
[PlyCount "25"]
[EventDate "2010.04.30"]
[EventType "swiss"]
[EventRounds "5"]
[EventCountry "ITA"]
[SourceTitle "EXT 2023"]
[Source "ChessBase"]
[SourceDate "2022.10.05"]
[SourceVersion "1"]
[SourceVersionDate "2022.10.05"]
[SourceQuality "1"]

1. e4 Nf6 2. d3 e5 3. Nc3 Bb4 4. Bg5 d6 5. Be2 c6 6. Nf3 Nbd7 7. 0-0 Nf8 8. a3 Ba5 9. b4 Bb6 10. Na4 Bc7 11. Nb2 Ne6 12. Be3 0-0 13. Nc4 1/2-1/2

[Event "Mogliano Veneto op-B 31st"]
[Site "Mogliano Veneto"]
[Date "2010.04.30"]
[Round "1"]
[White "Campagnola, Giacomo"]
[Black "Alfier, Cecilia"]
[Result "1-0"]
[WhiteElo "1868"]
[BlackElo "1734"]
[PlyCount "45"]
[EventDate "2010.04.30"]
[EventType "swiss"]
[EventRounds "5"]
[EventCountry "ITA"]
[SourceTitle "EXT 2023"]
[Source "ChessBase"]
[SourceDate "2022.10.05"]
[SourceVersion "1"]
[SourceVersionDate "2022.10.05"]
[SourceQuality "1"]

1. e4 c5 2. Nc3 e6 3. g3 d5 4. Bg2 d4 5. Nce2 Nc6 6. d3 Bd6 7. f4 Nge7 8. Nf3 0-0 9. c3 Bc7 10. 0-0 b5 11. g4 Ng6 12. f5 Nh4 13. Kh1 Nxf3 14. Bxf3 Ne5 15. cxd4 cxd4 16. Bf4 Qh4 17. Bg3 Qh3 18. Nf4 Qh6 19. Kg2 Nxf3 20. Qxf3 Bb7 21. Nh3 Bxg3 22. g5 Qh4 23. hxg3 1-0

[Event "Noale Szabados Memorial-B 3rd"]
[Site "Noale"]
[Date "2010.02.07"]
[Round "5"]
[White "Campagnola, Giacomo"]
[Black "Bossoni, Mario"]
[Result "1/2-1/2"]
[WhiteElo "1869"]
[BlackElo "1968"]
[PlyCount "71"]
[EventDate "2010.02.05"]
[EventType "swiss"]
[EventRounds "5"]
[EventCountry "ITA"]
[SourceTitle "EXT 2022"]
[Source "ChessBase"]
[SourceDate "2021.10.06"]
[SourceVersion "1"]
[SourceVersionDate "2021.10.06"]
[SourceQuality "1"]

1. e4 c5 2. Nc3 Nc6 3. d3 e6 4. g3 Nf6 5. Bg2 a6 6. f4 d5 7. e5 Nd7 8. Nf3 b5 9. 0-0 Qb6 10. Re1 Bb7 11. f5 d4 12. fxe6 fxe6 13. Ne4 0-0-0 14. Neg5 Re8 15. a4 Nd8 16. axb5 axb5 17. Bd2 b4 18. c3 h6 19. Nh3 g5 20. Nf2 Nc6 21. cxd4 cxd4 22. Qc1 Kb8 23. h4 gxh4 24. Nxh4 Ncxe5 25. Bf4 Bd6 26. Bxb7 Kxb7 27. Ne4 Be7 28. Bxe5 Nxe5 29. Nc5+ Qxc5 30. Qxc5 Bxc5 31. Rxe5 Bd6 32. Rea5 Ra8 33. Nf3 Rxa5 34. Rxa5 Kb6 35. Rh5 Kc7 36. Nxd4 1/2-1/2

[Event "Montebelluna op 10th"]
[Site "Montebelluna"]
[Date "2009.12.28"]
[Round "2"]
[White "Campagnola, Giacomo"]
[Black "Brunelli, Giovanni"]
[Result "0-1"]
[WhiteElo "1836"]
[BlackElo "1930"]
[PlyCount "56"]
[EventDate "2009.12.27"]
[EventType "swiss"]
[EventRounds "7"]
[EventCountry "ITA"]
[SourceTitle "EXT 2012"]
[Source "ChessBase"]
[SourceDate "2011.11.24"]
[SourceVersion "1"]
[SourceVersionDate "2011.11.24"]
[SourceQuality "1"]

1. e4 e6 2. d4 d5 3. e5 c5 4. c3 Nc6 5. a3 c4 6. b4 Nge7 7. Bg5 Bd7 8. Be2 Qc7 9. Nh3 0-0-0 10. a4 h6 11. Na3 a6 12. Bf4 g5 13. Bxg5 hxg5 14. Nxg5 Be8 15. Bh5 Nxe5 16. 0-0 N5g6 17. b5 Nf4 18. b6 Qd6 19. Nf3 Nxh5 20. Nb5 axb5 21. axb5 Bxb5 22. Ne5 Nc6 23. Ra8+ Nb8 24. Nxf7 Qe7 25. Nxh8 Qh7 26. Qe2 Nf4 27. Qd2 Bd6 28. g3 Rxh8 0-1

[Event "Chioggia op-A 04th"]
[Site "Chioggia"]
[Date "2009.10.11"]
[Round "4"]
[White "Campagnola, Giacomo"]
[Black "Tomio, Dante"]
[Result "1/2-1/2"]
[WhiteElo "1830"]
[BlackElo "2026"]
[PlyCount "64"]
[EventDate "2009.10.09"]
[EventType "swiss"]
[EventRounds "5"]
[EventCountry "ITA"]
[SourceTitle "EXT 2022"]
[Source "ChessBase"]
[SourceDate "2021.10.06"]
[SourceVersion "1"]
[SourceVersionDate "2021.10.06"]
[SourceQuality "1"]

1. e4 c5 2. Nc3 Nc6 3. g3 g6 4. Bg2 Bg7 5. d3 e6 6. Be3 d6 7. Qd2 Nd4 8. Nge2 Nxe2 9. Nxe2 Bxb2 10. Rb1 Bg7 11. 0-0 Ne7 12. f4 0-0 13. c3 Rb8 14. d4 cxd4 15. cxd4 b6 16. Rfc1 Bb7 17. h3 Qd7 18. g4 Rfc8 19. Rf1 Rc7 20. Ng3 Rbc8 21. f5 exf5 22. exf5 gxf5 23. Bh6 Qe6 24. Bxg7 Kxg7 25. Rb3 Rc2 26. Qf4 Kh8 27. d5 Qe5 28. Qxe5+ dxe5 29. Nxf5 Nxf5 30. Rxf5 Rg8 31. Rf2 Rxf2 32. Kxf2 Rc8 1/2-1/2

[Event "ITA-ch U20"]
[Site "Castione"]
[Date "2009.08.29"]
[Round "9"]
[White "Campagnola, Giacomo"]
[Black "Palmitessa, Andrea"]
[Result "1/2-1/2"]
[WhiteElo "1821"]
[BlackElo "1605"]
[PlyCount "29"]
[EventDate "2009.08.21"]
[EventType "swiss"]
[EventRounds "9"]
[EventCountry "ITA"]
[SourceTitle "EXT 2011"]
[Source "ChessBase"]
[SourceDate "2010.11.26"]
[SourceVersion "1"]
[SourceVersionDate "2010.11.26"]
[SourceQuality "1"]

1. e4 e5 2. Nf3 Nc6 3. d4 exd4 4. Bc4 Nf6 5. 0-0 Be7 6. e5 Ng4 7. Re1 d6 8. e6 Bxe6 9. Bxe6 fxe6 10. Nxd4 Nxd4 11. Qxd4 Nf6 12. Rxe6 0-0 13. Nc3 d5 14. Bg5 c6 15. Rae1 1/2-1/2

[Event "ITA-ch U20"]
[Site "Castione"]
[Date "2009.08.28"]
[Round "8"]
[White "Valbusa, Lorenzo"]
[Black "Campagnola, Giacomo"]
[Result "1-0"]
[WhiteElo "1749"]
[BlackElo "1821"]
[PlyCount "61"]
[EventDate "2009.08.21"]
[EventType "swiss"]
[EventRounds "9"]
[EventCountry "ITA"]
[SourceTitle "EXT 2011"]
[Source "ChessBase"]
[SourceDate "2010.11.26"]
[SourceVersion "1"]
[SourceVersionDate "2010.11.26"]
[SourceQuality "1"]

1. e4 c5 2. Nf3 Nc6 3. d4 cxd4 4. Nxd4 Nf6 5. Nc3 e5 6. Ndb5 d6 7. Nd5 Nxd5 8. exd5 Nb8 9. c3 Be7 10. Be3 0-0 11. Bxa7 Bf5 12. Bxb8 Rxb8 13. Be2 Bg6 14. 0-0 f5 15. Bh5 Qd7 16. c4 Rf6 17. Bxg6 Rxg6 18. f3 Bg5 19. Qd3 Rf8 20. g3 Rff6 21. Rf2 Qd8 22. Kf1 e4 23. fxe4 fxe4 24. Qxe4 Rxf2+ 25. Kxf2 Rf6+ 26. Kg2 Qf8 27. Qe2 h5 28. Rf1 h4 29. Rxf6 Qxf6 30. Qe6+ Qxe6 31. dxe6 1-0

[Event "ITA-ch U20"]
[Site "Castione"]
[Date "2009.08.25"]
[Round "5"]
[White "Rombaldoni, Brian"]
[Black "Campagnola, Giacomo"]
[Result "1/2-1/2"]
[WhiteElo "1831"]
[BlackElo "1821"]
[PlyCount "153"]
[EventDate "2009.08.21"]
[EventType "swiss"]
[EventRounds "9"]
[EventCountry "ITA"]
[SourceTitle "EXT 2011"]
[Source "ChessBase"]
[SourceDate "2010.11.26"]
[SourceVersion "1"]
[SourceVersionDate "2010.11.26"]
[SourceQuality "1"]

1. b3 e5 2. Bb2 Nc6 3. e3 Nf6 4. Bb5 d6 5. Ne2 Be7 6. 0-0 0-0 7. f4 e4 8. Bxc6 bxc6 9. f5 d5 10. Nd4 Bd6 11. Nxc6 Qe8 12. Bxf6 gxf6 13. Nd4 Kh8 14. Qh5 Ba6 15. Rf2 Rg8 16. Nc3 c6 17. Nde2 Qe7 18. Nf4 Rg5 19. Qh3 Rag8 20. Nce2 Qe5 21. Rb1 Bc8 22. Ng3 d4 23. Nfe2 dxe3 24. dxe3 Bc5 25. Nd4 Bxd4 26. exd4 Qxd4 27. Ne2 Qc5 28. Kf1 Bxf5 29. Qc3 Qxc3 30. Nxc3 e3 31. Re2 Rxg2 32. Rxg2 Bh3 33. Ke2 Rxg2+ 34. Kxe3 Rxc2 35. Ne4 Rxh2 36. Rc1 Rxa2 37. Rxc6 Ra3 38. Kf4 Rxb3 39. Ra6 Rb4 40. Kg3 Bf1 41. Rxf6 Rxe4 42. Rxf1 Kg7 43. Ra1 Re7 44. Kf4 Rb7 45. Ra5 f6 46. Kf5 Kf7 47. Ra6 Rb5+ 48. Kf4 Kg6 49. Rxa7 Rb4+ 50. Kg3 h5 51. Ra3 Kg5 52. Rc3 Rg4+ 53. Kh3 Re4 54. Rg3+ Rg4 55. Ra3 f5 56. Rf3 Rh4+ 57. Kg2 Rf4 58. Ra3 h4 59. Kh3 Re4 60. Rb3 Re5 61. Rb8 Re3+ 62. Kg2 Rg3+ 63. Kh2 Kg4 64. Rg8+ Kf3 65. Ra8 f4 66. Ra3+ Kg4 67. Ra8 h3 68. Rg8+ Kf3 69. Ra8 Rg2+ 70. Kxh3 Re2 71. Ra3+ Re3 72. Ra2 Ke4+ 73. Kg2 Kf5 74. Ra8 Rg3+ 75. Kf2 Rg7 76. Kf3 Rg3+ 77. Kf2 1/2-1/2

[Event "ITA-ch U20"]
[Site "Castione"]
[Date "2009.08.24"]
[Round "4"]
[White "Campagnola, Giacomo"]
[Black "Delledonne, Francesco"]
[Result "1-0"]
[WhiteElo "1821"]
[BlackElo "1936"]
[PlyCount "127"]
[EventDate "2009.08.21"]
[EventType "swiss"]
[EventRounds "9"]
[EventCountry "ITA"]
[SourceTitle "EXT 2011"]
[Source "ChessBase"]
[SourceDate "2010.11.26"]
[SourceVersion "1"]
[SourceVersionDate "2010.11.26"]
[SourceQuality "1"]

1. e4 e6 2. d4 d5 3. Nc3 Bb4 4. Nge2 dxe4 5. a3 Bxc3+ 6. Nxc3 c5 7. Nxe4 cxd4 8. Bg5 f6 9. Bh4 Qa5+ 10. c3 Qe5 11. Qxd4 Qxd4 12. cxd4 Nc6 13. 0-0-0 Nge7 14. Nd6+ Kd7 15. Bg3 Nd5 16. Bc4 Nce7 17. Rhe1 a6 18. Ne4 b6 19. Nd6 Rf8 20. Kb1 h5 21. h4 g5 22. Rh1 Nf4 23. Ne4 Bb7 24. d5 exd5 25. hxg5 fxg5 26. Nxg5 Rf5 27. Bxf4 Rxf4 28. Be2 Rxf2 29. Bxh5 Rxg2 30. Nf7 Rc8 31. Ne5+ Kd6 32. Nf7+ Kd7 33. Ne5+ Kd6 34. Nf7+ Kc5 35. Rc1+ Kd4 36. Rhd1+ Ke3 37. Re1+ Kd4 38. Rxe7 Rxc1+ 39. Kxc1 Bc6 40. Re2 Rg1+ 41. Kc2 Ba4+ 42. b3 Bb5 43. Rd2+ Kc5 44. b4+ Kc6 45. Kb2 a5 46. Rc2+ Kd7 47. bxa5 bxa5 48. Rc5 Rg2+ 49. Kc3 Bc4 50. Rxa5 Rg3+ 51. Kd4 Ke6 52. Ne5 Ba2 53. Bf7+ Kd6 54. Ra6+ Kc7 55. Bxd5 Bxd5 56. Kxd5 Rg1 57. Kc5 Rc1+ 58. Nc4 Rh1 59. Ra7+ Kb8 60. Rd7 Rh5+ 61. Kb6 Kc8 62. Rc7+ Kb8 63. Na5 Rxa5 64. Rh7 1-0

[Event "Montebelluna op-B 5th"]
[Site "Montebelluna"]
[Date "2007.03.11"]
[Round "4"]
[White "Campagnola, Giacomo"]
[Black "Ferracin, Nicola"]
[Result "1/2-1/2"]
[WhiteElo "1425"]
[BlackElo "1615"]
[PlyCount "43"]
[EventDate "2007.03.09"]
[EventType "swiss"]
[EventRounds "5"]
[EventCountry "ITA"]
[SourceTitle "EXT 2008"]
[Source "ChessBase"]
[SourceDate "2007.11.25"]
[SourceVersion "1"]
[SourceVersionDate "2007.11.25"]
[SourceQuality "1"]

1. e4 e6 2. d4 d5 3. e5 c5 4. c3 Nc6 5. Nf3 Qb6 6. Be2 cxd4 7. cxd4 Nge7 8. b3 Nf5 9. Be3 Bb4+ 10. Kf1 0-0 11. a3 Be7 12. b4 a5 13. b5 Nd8 14. Nc3 f6 15. Na4 Qc7 16. Rc1 Qb8 17. Nc5 Nf7 18. Bf4 b6 19. Nd3 g5 20. exf6 gxf4 21. fxe7 Nxe7 22. Nde5 1/2-1/2